Quiz Map Valorant niveau Moyen en image - Statistiques

Statistiques générales
  • Ce quiz a été pris 146 fois
  • Le résultat moyen est 11 sur 16
Statistiques - réponses
Par images Réponse % Correct
Icebox
93%
Haven
91%
Fracture
89%
Bind
88%
Lotus
88%
Ascent
86%
Breeze
86%
Pearl
85%
Abyss
83%
Corrode
83%
Sunset
82%
Split
73%
PIAZZA
30%
KASBAH
26%
Drift
21%
DISTRICT
13%
Aucun quiz correspondant
Distribution des résultats
% des personnes avec chaque résultat
Percentile par nombre de réponses
Votre historique - résultats
Vous n’avez pas pris ce quiz